[Event "Rilton Cup 34th"]
[Site "Stockholm"]
[Date "2004.12.31"]
[Round "5"]
[White "Volkov, Sergey"]
[Black "Cramling, Pia"]
[Result "1-0"]
[WhiteElo "2628"]
[BlackElo "2477"]
[Annotator "Aagaard,J"]
[PlyCount "61"]
[EventDate "2004.12.27"]
[EventType "swiss"]
[EventRounds "9"]
[EventCountry "SWE"]
[SourceTitle "CBM 104 Extra"]
[Source "ChessBase"]
[SourceDate "2005.03.01"]
[SourceVersion "1"]
[SourceVersionDate "2005.03.01"]
[SourceQuality "1"]

1. d4 d5 2. c4 c6 3. Nc3 Nf6 4. e3 {This move is a little harmless compared to
4.Nf3, but as we shall see it is not so easy for Black to equalise. Of course
there is a wide choice of 4...a6, 4...e6 and 4...g6 as alternatives to the
text move.} Bf5 5. cxd5 cxd5 6. Qb3 Bc8 {The main disadvantage with 4...Bf5 is
the loss of time. The main advantage is the release of the tension in the
centre.} 7. Bd3 Nc6 8. f4 $1 {Of course. Otherwise the White play makes little
sense.} e6 9. Nf3 Be7 10. O-O O-O 11. Ne5 Nxe5 {I do not like this move much.
Better seems to be} (11... Nd7 {to get rid of the right knight. In the game
the f6-knight goes to b8 and c6. Surely there are some loss of time to be
accounted for?} 12. Bd2 Ndxe5 13. fxe5 {and now while there is time} f5 $1 14.
exf6 Rxf6 15. Rxf6 Bxf6 16. Rf1 Qe7 {and the Black disadvantage has been kept
at a minimum.}) 12. fxe5 Nd7 13. Qc2 g6 {This is a move Black does not want to
play. Maybe} (13... f5 $5 {was better. After} 14. g4 Nb6 15. gxf5 exf5 16. Bxf5
Bxf5 17. Rxf5 Qd7 {the White king would be very open and White lacking in
development. So maybe something calmer was forced. Still the outcome is very
open here after} 18. e4) 14. Bd2 a6 (14... f5 15. Nb5 {would not be nice now.})
15. Ne2 Nb8 (15... f5) 16. Rf3 Nc6 (16... f5 {must be played or the position
is strategically lost, and this was maybe the last chance. White has a very
nice position anyway, but without ...f5 Black will not have any space to
manoeuvre his pieces on on the kingside, and White will have free hands to
inflict maximum damage.}) 17. Raf1 {Now ...f5 cannot be played.} Bd7 18. a3 Rc8
19. Qb1 Qb6 ({The problem for Black is that she cannot free herself. After} 
19... f5 {White has} 20. exf6 Rxf6 21. Rxf6 Bxf6 22. Bxg6 {winning a couple of
pawns, based on} hxg6 23. Qxg6+ Bg7 24. Rf7 {and wins.}) 20. b4 Be8 21. Qe1 Nb8
22. Nc3 Qd8 23. Qf2 {White is finished manoeuvring and ready to creak the
Black position down. Now 23...Nc6 was possible, trying to prevent e3-e4 by
hitting on the d4-pawn. White will probably find a way to decide the game, but
at least it is not blatantly obvious.} a5 24. bxa5 Bxa3 (24... Qxa5 25. e4 $1 {
is also very strong for White. After} Rxc3 26. Qe1 {Black can resign.}) 25. e4
{Just one among many winning moves. But the most natural one. Now Black will
never be able to defend himself against Bh6, though this is not the only
winning plan for White,} Bb2 26. Ne2 dxe4 27. Bxe4 Bb5 28. Bd3 Bxd3 29. Rxd3
Nc6 30. Bh6 Nxe5 31. Bxf8 1-0

[Event "Malmo2"]
[Site "Malmo"]
[Date "1993.??.??"]
[Round "?"]
[White "Agrest, Evgenij"]
[Black "Hector, Jonny"]
[Result "1-0"]
[WhiteElo "2465"]
[BlackElo "2500"]
[Annotator "Agrest,E"]
[PlyCount "69"]
[EventDate "1993.??.??"]
[EventType "tourn"]
[EventRounds "9"]
[EventCountry "SWE"]
[SourceTitle "CBM 040"]
[Source "ChessBase"]
[SourceDate "1994.06.01"]
[SourceVersion "1"]
[SourceVersionDate "1994.06.01"]
[SourceQuality "1"]

1. d4 d5 2. c4 c6 3. Nc3 e5 4. dxe5 d4 5. Ne4 Qa5+ 6. Bd2 Qxe5 7. Ng3 c5 8. Nf3
Qc7 9. e3 Nc6 10. exd4 cxd4 (10... Nxd4 11. Nxd4 cxd4 12. Bd3 $16) 11. Bd3 Bd6
(11... Nb4 12. Bxb4 Bxb4+ 13. Kf1 $36) (11... Nf6 12. O-O Be7 13. Ng5 $1 h6 (
13... O-O 14. Nh5 $1 g6 (14... h6 15. Nxf6+ Bxf6 16. Nh7 $18) 15. Nxf6+ Bxf6
16. f4 $40) 14. N5e4 O-O 15. Nxf6+ Bxf6 16. Nh5 {/\ f4-f5->}) 12. O-O Nge7 13.
Qc2 Bg4 14. Ng5 $1 $146 (14. c5 Bf4 15. Bxf4 Qxf4 16. Ne2 Qf6 17. Nd2 Bf5 18.
Ne4 Bxe4 19. Bxe4 h6 20. Rad1 O-O 21. Nc1 Rac8 22. Nd3 b6 23. Rfe1 Nd8 24. b4
Ne6 25. Qa4 bxc5 26. Nxc5 Nxc5 27. bxc5 Rfd8 28. Qxa7 Nd5 29. Bxd5 {0,5/Ionov,
S-Tregubov,P/Rossia ch/1992/}) 14... h6 15. N5e4 Bb4 (15... O-O 16. Bxh6 $1) (
15... Bf4 16. h3 $1 Bd7 17. Nh5 $1 Bxd2 18. Qxd2 O-O $140 19. Nef6+ $1 $18) 16.
h3 (16. c5 $5) 16... Bd7 (16... Be6 17. Nh5 $1 O-O (17... Bxd2 18. Nxg7+ $18) (
17... Rg8 18. Bf4 {/\ c5}) 18. Nef6+ $1 Kh8 (18... gxf6 19. Bxb4 Nxb4 20. Qd2
$1 $18) 19. Nxg7 $1 Kxg7 20. Nh5+ Kg8 21. Bxb4 Nxb4 22. Qd2 $18) 17. c5 $1 Bxd2
(17... O-O 18. Bxh6 $1 f5 (18... gxh6 19. Nf6+ Kh8 20. Qc1 Ng8 21. Nxg8 Kxg8
22. Qxh6 f5 23. Bc4+) 19. Nd6 gxh6 20. a3 $18) 18. Nd6+ Kf8 19. Qxd2 b6 20. b4
bxc5 (20... Nxb4 $4 21. Qxb4 bxc5 22. Qb7) (20... a5 21. Nb5 Qb8 22. cxb6 axb4
23. Rfe1 $16) 21. bxc5 $16 Be6 (21... Nd8 $5 {/\ Ne6}) 22. Rfe1 {/\ Re6} Kg8 {
/\ Qa5} 23. Be4 $1 Rd8 24. Rad1 a5 $138 (24... Qa5 $4 25. Qxa5 Nxa5 26. Rxd4
Bxa2 27. Ra4) 25. Nh5 g6 26. Nf4 Bf5 27. Bxc6 Nxc6 28. g4 $1 $18 Bc8 29. Nd5
Qa7 30. Rc1 $138 Kg7 31. Qf4 Rhf8 32. Qf6+ Kh7 33. Ne7 $3 Nxe7 34. Rxe7 Rd7 35.
Nxc8 (35. Ne8 $5) 1-0

[Event "Las Palmas"]
[Site "Las Palmas"]
[Date "1993.??.??"]
[Round "3"]
[White "Azmaiparashvili, Zurab"]
[Black "Anand, Viswanathan"]
[Result "1/2-1/2"]
[WhiteElo "2655"]
[BlackElo "2710"]
[Annotator "Anand,V"]
[PlyCount "34"]
[EventDate "1993.06.??"]
[EventType "tourn"]
[EventRounds "9"]
[EventCountry "ESP"]
[EventCategory "16"]
[SourceTitle "CBM 036"]
[Source "ChessBase"]
[SourceDate "1993.10.01"]
[SourceVersion "1"]
[SourceVersionDate "1993.10.01"]
[SourceQuality "1"]

1. c4 c6 2. d4 d5 3. Nc3 Nf6 4. cxd5 cxd5 5. Bf4 Nc6 6. e3 a6 7. Be2 {An idea
which Azmaiparashvili has been trying frequently this year} Ne4 {At least we
would both be out of our preparation!} (7... Bf5 8. g4 Bg6 9. Qb3 e6 10. Qxb7
Na5 11. Qc7 Qxc7 12. Bxc7 Bb4 {Azmaiparashvili -Akopian Wijk aan Zee and
Azmaiprashvili-Morovic Las Palmas. The pawn sac seems to offer reasonable
compensation but Azmai obviously had something in mind. Therefore...}) 8. Nxe4
(8. Nf3 Nxc3 9. bxc3 g6 $5) 8... dxe4 9. f3 e5 $1 (9... exf3 $2 10. Nxf3 $16 {
And White threatens e4 and 0-0.}) 10. dxe5 Qa5+ (10... Be6 $5 11. Qxd8+ Rxd8
12. a3) 11. Kf2 Be6 $1 12. Qc2 $1 (12. fxe4 {The e-pawns are only millstones
around White's neck} Rd8 13. Qc1 h6 $1 $17) 12... Rd8 $1 13. Qxe4 Rd2 $44 {
The bishop is cut off from the queenside by his extra pawns!} 14. Nh3 Bd5 $6 (
14... Qb5 $1 15. Rhe1 Bc4 $1 16. a4 (16. Ng1 Bd3 $1 $19) 16... Qb3 17. Rad1 Bd3
(17... Rxb2 18. Rb1 $1) 18. Qxc6+ bxc6 19. Rxd2 Bxe2 20. Rdxe2 $15) 15. Qf5 Be6
16. Qe4 Bd5 17. Qf5 Be6 1/2-1/2

[Event "Mar del Plata op 34th"]
[Site "Mar del Plata"]
[Date "2003.04.15"]
[Round "5"]
[White "Atalik, Suat"]
[Black "Labollita, Martin"]
[Result "1/2-1/2"]
[WhiteElo "2568"]
[BlackElo "2433"]
[Annotator "Atalik,S"]
[PlyCount "50"]
[EventDate "2003.04.12"]
[EventType "swiss"]
[EventRounds "9"]
[EventCountry "ARG"]
[SourceTitle "EXT 2004"]
[Source "ChessBase"]
[SourceDate "2003.11.25"]
[SourceVersion "1"]
[SourceVersionDate "2003.11.25"]
[SourceQuality "1"]

1. d4 d5 2. c4 c6 3. Nc3 e5 $5 {The Argentinian Champion takes an interesting
route in the game with Winawer's Gambit in Slav Defence.} 4. e3 $5 {Too
solid!Sometimes I am fascinated with Epish's performance in this type of game.}
exd4 (4... e4 5. Bd2 Nf6 6. Rc1 $13 {I can not say that white has an advantage
in French Advance even with tempo up but still he has an easy game.}) 5. Qxd4
Nf6 {Now we have a Sicilian Alapin with tempo up.} 6. cxd5 (6. Nf3 Na6 {
will keep the game in the boundaries of Sicilian Alapin.}) 6... cxd5 7. Nf3 Nc6
8. Bb5 {After every move the game's opening could be classified under a
different nomenclature.Now we have omething like a Nimzo 4.e3 with tempo up.}
a6 {Very ambitious!} (8... Bd6 9. O-O O-O 10. Qa4 Bd7 11. Rd1 a6 12. Be2 Re8
13. Qh4 $13) 9. Bxc6+ bxc6 10. O-O Be7 (10... Bd6 $6 11. e4 c5 12. Qd1 dxe4 13.
Nxe4 $16) 11. b3 {Fianchetto should be included.} (11. Na4 O-O 12. b3 Ne4 13.
Bb2 f6 $1 (13... Bf6 14. Qd3) 14. Rac1 c5 15. Qd3 Be6 $13) 11... O-O 12. Bb2 c5
13. Qd3 h6 14. Rfd1 Be6 15. Rac1 Qb8 16. Qb1 Rd8 17. h3 $6 {A slow move.} (17.
Ne2 Ne4 18. Ng3 Nxg3 19. hxg3 a5 $13) 17... a5 18. Ba3 {White has to attack
hanging pawns otherwise he may stand worse and worse.} ({I did not like either
} 18. Na4 Ne4) ({nor} 18. Qa1 Bf8) 18... Qa7 19. Qc2 Rac8 20. Qe2 Ne4 21. Nxe4
dxe4 22. Rxd8+ Bxd8 $1 $15 {Black's command in the game is getting increased.}
(22... Rxd8 $6 23. Ne5) 23. Nd2 a4 24. bxa4 $5 (24. Bb2 axb3 25. axb3 Qb7 (
25... Qa2 $2 26. Nxe4) 26. Rb1 $15 {Requires a tough defence.}) 24... Qxa4 25.
Nb1 $2 (25. Bxc5 $1 {only looks dangerous.} Be7 26. Nb3 Bxb3 27. axb3 Qxb3 28.
Ba3 Rxc1+ 29. Bxc1 Qb1 {In my calculations when I have reached this point I
started to get worried about the faith of Bc1.} 30. Qc4 (30. Qb2 Qd3 31. g3 Bf6
32. Qa3 $11) 30... g6 (30... h5 31. g4 hxg4 32. hxg4 g6 33. Kg2 $11) 31. Qc3
Bf8 32. Qc8 Qb4 33. g4 $11) 25... f5 $6 {A bad move losing the advantage.} (
25... Bf6 $6 26. Bxc5 Qa5 27. Ba3 Rb8 28. Qc2 Rxb1 29. Rxb1 Qxa3 30. Qxe4 g6
$11) (25... f5 $6 26. Bxc5 (26. Rxc5 $2 Rb8 $19) 26... Qxa2 27. Qxa2 Bxa2 28.
Nc3 Be6 29. Bd4 $11) (25... c4 $1 26. Bd6 Bf6 27. Nc3 Qc6 28. Bb4 Rd8 $17)
1/2-1/2

[Event "Valle d'Aosta op 11th"]
[Site "Saint Vincent"]
[Date "2003.02.11"]
[Round "4"]
[White "Atalik, Suat"]
[Black "Ortega, Lexy"]
[Result "1-0"]
[WhiteElo "2581"]
[BlackElo "2452"]
[Annotator "Atalik,S"]
[PlyCount "135"]
[EventDate "2003.02.08"]
[EventType "swiss"]
[EventRounds "9"]
[EventCountry "ITA"]
[SourceTitle "EXT 2004"]
[Source "ChessBase"]
[SourceDate "2003.11.25"]
[SourceVersion "1"]
[SourceVersionDate "2003.11.25"]
[SourceQuality "1"]

1. d4 d5 2. c4 c6 3. Nc3 e5 $5 {Whose idea was this Winawer's ?} 4. dxe5 d4 5.
Ne4 Qa5+ 6. Nd2 {I like this more than} (6. Bd2 Qxe5 7. Ng3 Nf6 8. Nf3 Qd6 $13)
6... Bg4 $5 {Shaba's move!} (6... Nh6 7. Ngf3 Nf5 8. g3 Ne3 9. fxe3 dxe3 10. a3
$1 $14) (6... Nd7 7. e6 fxe6 8. g3 Ne5 9. Qc2 Nf6 10. Bg2 Nf7 11. Ngf3 e5 12.
O-O $14) 7. h3 Bh5 8. g4 Bg6 9. Ngf3 Nd7 $6 {This should not be the idea
behind Shaba's move.} (9... h5 10. Bg2 hxg4 11. Nxd4 Nd7 12. e6 Ne5 $13 {
was a mess in Epishin-Shabalov,Tilburg 1993.}) 10. e6 $5 {This looks
interesting.} (10. Bg2 Nxe5 11. Nxe5 Qxe5 12. O-O $13) 10... fxe6 11. Bg2 $6 {
I have wrongly decided not to touch d4.} (11. Nxd4 Nc5 12. a3 O-O-O 13. b4 Qc7
(13... Nd3+ 14. exd3 Qe5+ 15. Qe2 Qxd4 16. Ra2 $16) 14. N4f3 Ne4 15. Qa4 $14)
11... e5 12. O-O Be7 13. Nb3 Qc7 14. Ng5 $5 {White has to do something
otherwise he will get worse.} Nf8 15. f4 $1 {The follow up.} Bxg5 16. fxg5 Ne6
(16... O-O-O 17. Nc5 Qe7 18. b4 $13) 17. e3 d3 18. e4 (18. h4 O-O-O (18... e4
$2 19. Nd4 Qe5 20. Nxe6 Qxe6 21. h5 Bf7 22. Rf4 $16) 19. e4 {is the game
continuation.} (19. h5 Be8 20. e4 h6 {gives to many squares for black pieces.}
21. gxh6 gxh6 22. Qf3 {is another tranposition to the game.})) 18... O-O-O 19.
h4 h6 {Cautious.} (19... h5 $6 20. gxh6 Nxh6 21. h5 Bh7 22. g5 d2 $8 23. Bxd2
Nxg5 24. Qe1 {keeps the options open for white.} Ne6 (24... Nhf7 25. Bxg5 Nxg5
26. Qe3 Qe7 27. Qxa7 Nxe4 (27... Bxe4 $2 28. Nc5 $18) 28. Rae1 $16) 25. Bh3 Qe7
(25... Bg8 26. Bg5 Re8 27. Be3 (27. Nc5 Kb8)) 26. Qg3 $16) 20. h5 Be8 21. gxh6
$1 (21. g6 $6 Nf6) 21... gxh6 22. Qf3 (22. Rf3 $6 Qg7) 22... Qg7 {Black plays
the most natural moves.} (22... Rh7 23. Qf5 Re7 24. g5 $13) 23. Be3 Bd7 24. Qg3
Nf6 $6 (24... Nf4 $5 25. Bxf4 exf4 26. Rxf4 {could give black some serious
compensation.}) 25. Qxe5 Nxg4 26. Qxg7 Nxg7 27. Bxa7 $1 {The star move in the
game.} (27. Bd4 Rhg8) 27... Nxh5 28. Nc5 {Showing sang froid.} Ng3 29. Rf3 Ne2+
30. Kh1 Ne5 ({After this once again white should try to catch the knight which
will land to g3 square as aresult of the coming combination.} 30... d2 $6 31.
Rd1 Ne5 32. Rxd2 $1 Nxf3 33. Bxf3 Ng3+ 34. Kg2 Rhg8 (34... Bh3+ $2 35. Kxg3
Rxd2 36. Kxh3 Rxb2 37. Bg4+ Kc7 38. Ne6+ Kd6 39. Bd4 $18) 35. Kf2 Kc7 36. a4
$16) (30... Nd4 31. Rf7 Ne5 32. Rxd7 Nxd7 33. Bh3 $40) 31. Nxd3 Nxf3 32. Bxf3
Ng3+ $2 {Black thinks that he is winning in this stage but actually he walks
towards the blade.} (32... Nd4 $2 33. Bxd4 Rhf8 34. Ne5 $18) (32... Rhe8 $1 33.
Re1 (33. Bxe2 Rxe4) 33... Nd4 $1 34. Bxd4 Be6 35. Nf4 Rxd4 36. Nxe6 Rxe6 37.
Bg4 Kd7 $11) 33. Kh2 Rhg8 34. Rg1 Be6 $2 {Chosing the wrong direction.} (34...
Be8 $1 35. Nf2 Bh5 36. Rxg3 Rxg3 37. Bxh5 (37. Kxg3 Rg8+ 38. Ng4 b6 (38... Kc7
39. Kh4 Bxg4 40. Bxg4 b6 41. c5) 39. Bxb6 Bxg4 40. Bxg4+ Kb7 $14) 37... Rdg8
38. e5 Kc7 (38... R3g5 $2 39. Bf7 Rg2+ 40. Kh3 R8g3+ 41. Kh4 Rf3 42. e6 $18)
39. Ne4 Rg2+ 40. Kh3 Rxb2 41. Bc5 Rb1 42. Bf3 Rf1 43. Bg2 Rc1 44. Bd6+ $16) 35.
Nf2 Rd2 (35... Bxc4 36. Rxg3 Rd2 37. b4 $18) 36. Rxg3 Rxg3 37. Kxg3 Rxb2 38. c5
$18 {Now black is stone cold lost.} Rxa2 39. Bb6 Kd7 40. Ng4 Ra3 41. Nxh6 Ra8
42. Kf4 Rf8+ 43. Nf5 Rf7 44. Ke5 Rf8 45. Bh5 Rh8 46. Bg6 Rg8 47. Bh5 {I did
not wanna give him} (47. Kf6 Rf8+ 48. Kg7 Rg8+ 49. Kh7 Rf8 50. Nd6 Rf1) 47...
Rh8 48. Bg4 (48. Ng7 Ke7 49. Bc7 $1 $18 {was even easier.}) 48... Re8 49. Kd4
Rf8 (49... Rg8 50. Bf3) 50. Ke5 (50. Be2 Rxf5 51. exf5 Bxf5 52. Ke5) 50... Re8
51. Kf4 Rf8 52. Bd1 Rf7 53. Ke5 Rf8 54. Nd6 {White with his winning position
pulls a cat and mouse type of play.} Rf1 55. Bh5 Rg1 56. Bf3 (56. Be8+ Ke7 57.
Bd8+ Kxd8 58. Kxe6 Kc7 59. e5 Rc1 60. Ne4 $18) 56... Rf1 57. Kf4 Bb3 58. Ke3
Re1+ 59. Kf2 Rb1 60. Nxb7 $18 {Finally I have snatched a pawn out!} Bd1 61. Bg2
Bg4 62. Kg3 {Bishops ending was also winning but I wanted to keep things
simpler.} (62. Nd8 Rxb6 63. cxb6 Kxd8 64. e5 c5 65. Bd5 Kc8 66. Ke3 Bh3 67. Kd3
Bf1+ 68. Kc3 Bb5 69. e6 Kb8 70. e7 Kc8 71. Bc4 Bc6 72. Ba6+ Kb8 73. Kc4 $18)
62... Be6 63. Nd6 Rg1 64. Nf5 Bc4 65. Kf2 Rb1 66. Nd4 Be6 67. Nxe6 {Anything
wins.} (67. e5 Bd5 68. Bxd5 cxd5 69. c6+ Ke8 (69... Kc8 70. e6 Rb2+ 71. Ke3 Rh2
72. Nf5 $18) 70. c7 Rc1 71. Nf5 $18) 67... Kxe6 68. Bc7 $18 1-0

[Event "Sarajevo Bosnia 31st"]
[Site "Sarajevo"]
[Date "2001.05.13"]
[Round "1"]
[White "Kozul, Zdenko"]
[Black "Atalik, Suat"]
[Result "1-0"]
[WhiteElo "2595"]
[BlackElo "2537"]
[Annotator "Atalik,S"]
[PlyCount "83"]
[EventDate "2001.05.13"]
[EventType "tourn"]
[EventRounds "9"]
[EventCountry "BIH"]
[EventCategory "16"]
[SourceTitle "CBM 084"]
[Source "ChessBase"]
[SourceDate "2001.09.13"]
[SourceVersion "1"]
[SourceVersionDate "2001.09.13"]
[SourceQuality "1"]

1. d4 d5 2. c4 c6 3. e3 {One of the oldest continuations.} Bf5 4. Nc3 e6 5. g4
$6 {Kozul's speciality.He applied it first time against Gelfand in Batumi 1999.
} Bg6 6. h4 h5 7. g5 Nd7 8. Nge2 Bd6 9. Qb3 Ne7 $1 $146 {A very intuitive over
the board novelty.} 10. Bg2 (10. Qxb7 $6 dxc4 11. Bg2 O-O $44) (10. cxd5 cxd5
11. Qxb7 O-O 12. Qb3 Nc6 13. Bg2 Nb4 $40) 10... Qa5 $6 {Though I do not agree
with this move.Black is trying to force dc4 which is already in whites agenda.}
11. Bd2 Qa6 12. cxd5 cxd5 13. Nb5 Bb8 14. a4 O-O 15. Bb4 $1 {Zdenko eliminates
the knights since due to the nature of the game this exchange helps white.} Re8
16. Bxe7 Rxe7 17. O-O Qa5 18. Rfc1 Re8 $2 {A very bad move.Black should have
tried to resolve his problems with the open file.} (18... a6 19. Nc7 $1 Bxc7 (
19... Ra7 $2 20. Qa3 Kf8 21. Nxd5 $1) 20. Qxb7 Nb6 21. Rxc7 Rxc7 22. Qxc7 Rc8
23. Qb7 Qb4 24. Nf4 Qxb2 25. Rf1 $16) (18... Nf8 $1 19. f4 a6 20. Nbc3 Bd6 $13)
19. Qc3 Qb6 20. Bf3 Nf8 (20... Rd8 21. Nc7 Bxc7 22. Qxc7 Qxb2 23. Nf4 $36) 21.
Qc5 Qa6 $6 (21... Qxc5 22. Rxc5 Re7 23. Rac1 a6 24. Na3 (24. Nc7 Ra7 25. a5 Nd7
26. R5c3 b5) 24... Bd6 25. R5c3 $16) 22. Rc3 Nd7 23. Qb4 Nb6 24. b3 Nc8 {
Black has completely lost the conrol over the game.} (24... e5 $5 25. Ng3 e4 (
25... exd4 26. Nxd4 Bxg3 27. Be2 $1 Bd6 28. Qxd6 $18) 26. Be2 Bxg3 27. fxg3 Nd7
$16) 25. Nc7 Bxc7 26. Rxc7 Nd6 27. Nf4 $18 Nf5 28. Be2 Qd6 29. Qxd6 Nxd6 30.
Rac1 Rad8 (30... Rac8 31. Rxc8 Rxc8 32. Rxc8+ Nxc8 33. Bxh5 Bxh5 34. Nxh5 Nd6
35. Ng3 b5 36. axb5 Nxb5 37. Kf1 $18) 31. Kh2 Nf5 32. Kh3 e5 33. dxe5 ({
Even simpler is} 33. Nxg6 fxg6 34. Bb5 $18) 33... Rxe5 34. R1c5 Rde8 35. Bb5
R8e7 36. Rc8+ Kh7 37. Nxd5 R7e6 38. Nf4 Rxc5 39. Rxc5 Re7 40. Rd5 Rc7 41. Nxg6
fxg6 42. Bc4 1-0

[Event "Corus-C"]
[Site "Wijk aan Zee"]
[Date "2006.01.24"]
[Round "9"]
[White "Hopman, Pieter"]
[Black "Atalik, Suat"]
[Result "0-1"]
[WhiteElo "2332"]
[BlackElo "2618"]
[Annotator "Atalik,S"]
[PlyCount "56"]
[EventDate "2006.01.14"]
[EventType "tourn"]
[EventRounds "13"]
[EventCountry "NED"]
[EventCategory "9"]
[SourceTitle "CBM 111"]
[Source "ChessBase"]
[SourceDate "2006.04.04"]
[SourceVersion "1"]
[SourceVersionDate "2006.04.04"]
[SourceQuality "1"]

1. d4 d5 2. c4 c6 3. Nc3 Nf6 4. Bg5 $6 {For some reason my opponent is fond of
this risky gambit which was not picked up by any serious player.} dxc4 $1 {
Gambits should be accepted .When he tried this against Katia some rounds ago I
have decided to take a fresh look in this line.} 5. a4 Qa5 6. Nf3 (6. Bd2 $6 e5
$1 7. dxe5 Qxe5 8. Nf3 Qc5 $17) 6... Bg4 $1 $146 ({After the common} 6... Ne4
7. Bd2 Nxd2 8. Nxd2 $44 {white presumably has some compensation.}) 7. Ne5 Nbd7
8. Bxf6 Nxf6 9. Qd2 $6 {Another inaccuracy.} (9. Nxg4 Nxg4 10. e3 Qf5 (10...
Qb4 $5) 11. Qf3 Qxf3 12. gxf3 Nf6 13. Bxc4 e6 $11) 9... Rd8 10. Nxc4 (10. e4 $6
Be6 $1 (10... Bc8 $5 11. Bxc4 e6 $40)) (10. e3 e6 11. f3 Bh5 12. g4 Bg6 13. h4
Bd3 $15) 10... Qc7 11. e4 Be6 $1 12. e5 Nd5 13. Ne4 Bf5 $17 {White's center is
very loose.} 14. f3 (14. Ng3 e6 $1) 14... g6 $1 ({There is no need to sac an
exchange yet!} 14... e6 $6 15. Ncd6+ Bxd6 16. Nxd6+ Rxd6 17. exd6 Qxd6 18. a5 (
18. Bc4 Nb4 19. O-O a5) 18... Nb4 19. Rc1 O-O 20. Be2 Rd8 21. Rc4 c5 22. Rxc5
Nc6 $15) 15. g4 $6 {This only makes the things faster.} Bxe4 16. fxe4 Nb6 17.
a5 Nxc4 18. Bxc4 Bg7 $1 (18... e6 19. O-O-O) 19. Qc3 (19. O-O O-O 20. Qf2 e6
21. b4 Qe7 $17) 19... O-O 20. h4 {White is desperately trying to have an
attack in return for his center in danger.} (20. O-O-O c5 21. b4 b6 22. Ba6 Qb8
$19) 20... c5 $19 21. h5 Rxd4 22. hxg6 Rxe4+ 23. Kd2 {I was calculating more
the lines when his majesty sails to the other side of the board.} (23. Kf2 hxg6
(23... e6 24. gxh7+ Kh8 $19) 24. Qh3 Rd8 25. Bxf7+ Kf8 $1 26. Qf3 Qxe5 $19)
23... hxg6 24. Rae1 (24. Qh3 Rd8+) 24... Rd8+ 25. Kc2 Qxe5 $1 26. Qxe5 (26.
Bxf7+ Kxf7 27. Qf3+ Kg8 $19) 26... Rxc4+ 27. Kb3 Rb4+ 28. Kc3 (28. Kc2 Bxe5 29.
Rxe5 Rd7 30. Rxc5 Rxg4 $19) 28... e6 $1 {Curtains!} 0-1